| 000 | 00684nam a2200217 a 4500 | ||
|---|---|---|---|
| 005 | 20210219153155.0 | ||
| 008 | 991125n 000 0 u | ||
| 035 | _aUPN01000081906 | ||
| 100 | _aParette, Howard P | ||
| 222 | _aEDUCATION AND TRAINING IN MENTAL RETARDATION | ||
| 245 | _aThe importance of technology in the educationa and training of persons with mental retardation | ||
| 300 | _a165-178 | ||
| 362 | _a26, No. 2, 1991 | ||
| 505 | _aEnero 1992 | ||
| 653 | 0 | _aDEFICIENCIAS ESCOLARES | |
| 653 | 0 | _aLEGISLACION FEDERAL | |
| 653 | 0 | _aMECANISMOS DE ASISTENCIA (PARA DISCAPACITADOS) | |
| 653 | 0 | _aTECNOLOGIA EDUCATIVA | |
| 904 |
_aAC _b019717 |
||
| 905 | _aArticulo | ||
| 999 |
_c70181 _d70181 |
||